000 00929nam a2200325Ia 4500
003 OSt
005 20240517093715.0
008 210210b1921 xxu||||| |||| 00| 0 eng d
040 _cAL
041 _aeng
082 _a954/655
100 _aIndia, (Archaeological Survey of)
_9165395
245 _aAnnual report of the Archaeological Survey of India: Muhammadam and British monuments; Northern Circle 1920
260 _aAllahabad
_bSuperintendent Government Printing
_c1921
300 _a26
650 _aSurvey
_9165396
650 _areport
_9165397
650 _aNorthern
_9165398
650 _aMuhammadam
_9165399
650 _amonuments
_9165400
650 _aIndia:
_9165401
650 _aCircle
_9165402
650 _aBritish
_9165403
650 _aArchaeological
_9165404
650 _aAnnual
_9165405
650 _a1920
_9165406
690 _aIndian History
_9165407
906 _a002155
942 _2ddc
_cBK
999 _c120906
_d120906